コンテンツを見る

Методические указания по выполнению дипломных работ для студентов отделения агрономии специальности 35.02.05 (110401)- Агрономия

保存先:
書誌詳細
第一著者: Зелинская А. А.
フォーマット: Книга
言語:Russian
出版事項: Орел ОрелГАУ 2014
オンライン・アクセス:http://e.lanbook.com/books/element.php?pl1_id=71213
https://e.lanbook.com/img/cover/book/71213.jpg
タグ: タグ追加
タグなし, このレコードへの初めてのタグを付けませんか!
LEADER 01030nam0a2200217 i 4500
001 71213
003 RuSpLAN
005 20221220173945.0
008 221220s2014 ru gs 000 0 rus
040 |a RuSpLAN 
041 0 |a rus 
044 |a ru 
245 0 0 |a Методические указания по выполнению дипломных работ для студентов отделения агрономии специальности 35.02.05 (110401)- Агрономия  |c Зелинская А. А. 
260 |a Орел  |b ОрелГАУ  |c 2014 
300 |a 23 с. 
504 |a Библиогр.: доступна в карточке книги, на сайте ЭБС Лань 
521 8 |a Книга из коллекции ОрелГАУ - Ветеринария и сельское хозяйство 
100 1 |a Зелинская А. А. 
856 4 |u http://e.lanbook.com/books/element.php?pl1_id=71213 
856 4 8 |u https://e.lanbook.com/img/cover/book/71213.jpg 
953 |a https://e.lanbook.com/img/cover/book/71213.jpg